000 01405naa a22003137a 4500
001 BR8805575
003 BR-BrBNA
005 20240918180310.0
007 ta
008 230509b bl.||||| |||| 00| 0 por d
040 _aBR-BrBNA
_bpor
_cBiblioteca Nacional de Agricultura
041 _a(Pt)
072 _aL30
_b5300
090 _aL30 BR8805575
100 1 _aGorni, M.
111 1 _a2. Simposio sobre Producao Animal
_cNova Odessa, SP (Brazil)
_d17-19 Jun 1986
245 1 _aImportancia das provas zootecnicas no melhoramento de suinos
246 1 _a[The importance of progeny testing in swines breeding]
246 1 _a[Annals of the 2nd Conference on Animal Production]
260 3 _aCampinas, SP (Brasil):
_c1986.
500 _aBufarah, G.; Nascimento, J. do; Moura, M.P. de; Freitas, M.A.R. de (eds.) Anais do 2. Simposio sobre Producao Animal Campinas, SP (Brasil): 1986. p. 83-95 (BR8805575-AM)L30
650 _aSUINO
650 _aMELHORAMENTO GENETICO ANIMAL
650 _aTESTE DE PROGENIE
650 _aSELECAO GENETICA
773 0 _tAnais do 2. Simposio sobre Producao Animal
_aBufarah, G.; Nascimento, J. do; Moura, M.P. de; Freitas, M.A.R. de (eds.). Sociedade Brasileira de Zootecnia, Campinas, SP (Brasil);Instituto de Zootecnia, Campinas, SP (Brasil)
_wL30 BR8805575
_gCampinas, SP (Brasil), 1986. p. 83-95
909 _a202404
_bLucia
_c55
_dLucia Elande
942 _cAM
_2AGRIS
999 _c319652
_d319652